Fr. Conceicao Rodrigues College of Engineering

Network analysis and synthesis (Record no. 25548)

MARC details
000 -LEADER
fixed length control field 00295nam a2200145Ia 4500
082 ## - DEWEY DECIMAL CLASSIFICATION NUMBER
Classification number 621.3851
Item number KUO
100 ## - MAIN ENTRY--PERSONAL NAME
Personal name Kuo/F.F
250 ## - EDITION STATEMENT
Edition statement 2
245 ## - TITLE STATEMENT
Title Network analysis and synthesis
260 ## - PUBLICATION, DISTRIBUTION, ETC.
Name of publisher, distributor, etc. John wiley
Date of publication, distribution, etc. 2001
300 ## - PHYSICAL DESCRIPTION
Extent 515
546 ## - LANGUAGE NOTE
Language note ENGLISH
654 ## - SUBJECT ADDED ENTRY--FACETED TOPICAL TERMS
Focus term Network
942 ## - ADDED ENTRY ELEMENTS (KOHA)
Koha item type BOOK
Holdings
Withdrawn status Lost status Damaged status Not for loan Collection Home library Current library Date acquired Total Checkouts Full call number Barcode Date last seen Price effective from Koha item type Date due Date last checked out
        CRC Fr. Agnel's C.Rodrigues College of Engineering Fr. Agnel's C.Rodrigues College of Engineering 17/03/2023   621.3851 KUO 13188 17/03/2023 17/03/2023 BOOK    
        CRC Fr. Agnel's C.Rodrigues College of Engineering Fr. Agnel's C.Rodrigues College of Engineering 17/03/2023   621.3851 KUO 13189 17/03/2023 17/03/2023 BOOK    
        CRC Fr. Agnel's C.Rodrigues College of Engineering Fr. Agnel's C.Rodrigues College of Engineering 17/03/2023   621.3851 KUO 13190 17/03/2023 17/03/2023 Reference Book    
        CRC Fr. Agnel's C.Rodrigues College of Engineering Fr. Agnel's C.Rodrigues College of Engineering 17/03/2023   621.3851 KUO 13191 17/03/2023 17/03/2023 BOOK    
        CRC Fr. Agnel's C.Rodrigues College of Engineering Fr. Agnel's C.Rodrigues- College of Engineering 17/03/2023 1 621.3851 KUO 13192 12/06/2023 17/03/2023 BOOK 18/11/2016 12/06/2023